Central Library, Doon University
WEBOPAC (ONLINE PUBLIC ACCESS CATALOGUE)

Proto (Record no. 60344)

MARC details
000 -LEADER
fixed length control field 00465nam a22001817a 4500
005 - DATE & TIME
control field 20260522131504.0
008 - FIXED-LENGTH DATA ELEMENTS--GENERAL INFORMATION
fixed length control field 260217b |||||||| |||| 00| 0 eng d
020 ## - ISBN
International Standard Book Number 9780008778675
Price 599.00
040 ## - CATALOGING SOURCE
Original cataloging agency Doon University
041 ## - Language
Language English
082 ## - DDC NUMBER
Classification number 409
Book Number SPI
100 ## - MAIN ENTRY--PERSONAL NAME
Personal name Spinney, Laura
245 ## - TITLE STATEMENT
Title Proto
Sub Title : How One Ancient Language Went Global
260 ## - PUBLICATION, DISTRIBUTION, ETC. (IMPRINT)
Place of publication, distribution, etc Britain
Name of publisher, distributor, etc William Collins
Date of publication, distribution, etc 2025
300 ## - PHYSICAL DESCRIPTION
Pages 342
650 ## - Subject
Subject General Books
942 ## - ADDED ENTRY ELEMENTS (KOHA)
Koha item type Books
100 ## - MAIN ENTRY--PERSONAL NAME
-- 26298
952 ## - LOCATION AND ITEM INFORMATION (KOHA)
-- 2026-02-17
Holdings
Withdrawn status Lost status Source of classification or shelving scheme Damaged status Not for loan Location (home branch) Sublocation or collection (holding branch) Date acquired Koha full call number Accession No. Koha date last seen Koha item type
        Not For Loan Doon University Doon University 17.02.2026 409 SPI 52677 17.02.2026 Reference
Contact : +91-135-2533126 (Library),+91-135-2533105 (Admin Office) , Email : doonlibrary@gmail.com

Powered by Koha